Normal view
MARC view
- Chohan, Zafar Iqbal
Entry Personal Name
001 - CONTROL NUMBER
- control field: 17643
003 - CONTROL NUMBER IDENTIFIER
- control field: NUST
005 - DATE AND TIME OF LATEST TRANSACTION
- control field: 20190715060411.0
008 - FIXED-LENGTH DATA ELEMENTS
- fixed length control field: 190715|| aca||aabn | a|a d
040 ## - CATALOGING SOURCE
- Original cataloging agency: NUST
- Transcribing agency: NUST
100 ## - HEADING--PERSONAL NAME
- Personal name: Chohan, Zafar Iqbal
670 ## - SOURCE DATA FOUND
- Source citation: Work cat.: (NUST): Chohan, Zafar Iqbal, Hazrat mian Muhammad baksh ki shora e aafaq si harfiyan /, 2004.
